000 00595cam a2200193 a 4500
020 _a1556221967 :
082 0 0 _a005.7565
_bSTU
_cMCEL02,P-141
100 1 _aStultz, Russell Allen.
_936834
245 1 0 _aIllustrated dBASE IV, Version 1.1 /
_cRussell A. Stultz.
250 _a5th ed.
260 _aPlano, Tex :
_bWordware Pub.,
_cc1991.
300 _aviii, 503 p. :
_bill. ;
_c23 cm.
500 _aIncludes index.
526 _a0
_b0
_c0
_d005_756500000000000_STU
526 _a0
_b0
_c0
_d005_756500000000000_STU
650 0 _aDatabase management.
_918068
650 0 _aMCE
_9379
942 _2ddc
_cBK
999 _c541842
_d541842